000 01619cam a22003254a 4500
999 _c27987
_d27987
001 14163122
003 OSt
005 20170213104732.0
008 051101s2006 waua b 001 0 eng
010 _a 2005031049
020 _a0295986034 (pbk. : alk. paper)
020 _a9780295986036
035 _a(OCoLC)ocm62281399
040 _aDLC
_cDLC
_dBAKER
_dC#P
_dIXA
_dDLC
043 _an-us-wa
050 0 0 _aNX712.K74
_bL44 2006
082 0 0 _a700.79/797772
_222
245 0 0 _aLegacy :
_bthe Kreielsheimer Foundation /
_cedited by Paul Dorpat ; preface by Donald L. Johnson ; essays by Paul Dorpat ... [et al.].
250 _a1st ed.
260 _aSeattle :
_bKreielsheimer Remainder Foundation :
_bUniversity of Washington Press,
_cc2006.
300 _axviii, 190 p. :
_bill. (some col.) ;
_c27 cm.
504 _aIncludes bibliographical references and index.
610 2 0 _aKreielsheimer Foundation
_xArt patronage.
650 0 _aArt patronage
_zWashington (State)
_zSeattle
_xHistory
_y20th century.
650 0 _aArts, American
_zWashington (State)
_zSeattle
_y20th century.
700 1 _aDorpat, Paul.
856 4 1 _3Table of contents
_uhttp://www.loc.gov/catdir/toc/ecip062/2005031049.html
906 _a7
_bcbc
_corignew
_d1
_eecip
_f20
_gy-gencatlg
942 _2lcc
_cBOOKS
_hNX 712 .K74L44 2006